les artistes qui ont le plus vendu d'albums en France en 2015 - Statistiques

Statistiques générales
  • Ce quiz a été pris 80 fois
  • Le résultat moyen est 4 sur 20
Statistiques - réponses
nombre de ventes Artiste % Correct
413000 maître gims
66%
772300 louane
47%
593000 kendji
44%
431700 kendji
44%
270800 soprano
42%
260900 black m
36%
188200 m pokora
32%
336000 johnny hallyday
26%
281900 mylene farmer
25%
785300 adele
18%
244900 frero delavega
12%
417100 christine and the queens
11%
167500 marina kaye
11%
278500 les enfoirés
10%
381500 francis cabrel
8%
290000 calogero
7%
178100 coldplay
4%
192300 muse
3%
250600 patrick fiori
3%
187300 compilation nrj music awards
1%
Aucun quiz correspondant
Distribution des résultats
% des personnes avec chaque résultat
Percentile par nombre de réponses
Votre historique - résultats
Vous n’avez pas pris ce quiz